[Event "TUN-ch (Women)"]
[Site "Monastir"]
[Date "2024.03.30"]
[Round "7"]
[White "Laaribi, Mariem"]
[Black "Abdallah, Esraa"]
[Result "1-0"]
[WhiteElo "1605"]
[BlackElo "1475"]
[PlyCount "71"]
[EventDate "2024.03.26"]
[EventType "swiss"]
[EventRounds "9"]
[EventCountry "TUN"]
[SourceTitle "CB14_2024"]
[SourceDate "2024.04.01"]
[SourceVersion "1"]
[SourceVersionDate "2024.04.01"]
[SourceQuality "1"]

1. e4 e6 2. d3 d5 3. Nd2 c5 4. Ngf3 Nc6 5. g3 Nf6 6. Bg2 Be7 7. 0-0 0-0 8. Re1 b5 9. e5 Nd7 10. Nf1 Qc7 11. Bf4 a5 12. h4 Bb7 13. h5 h6 14. N1h2 Rfb8 15. c3 a4 16. d4 c4 17. a3 Na5 18. Kh1 Nb3 19. Rb1 Bf8 20. Bh3 Rc8 21. g4 Qd8 22. g5 hxg5 23. Nxg5 Be7 24. Qg4 Qf8 25. Rg1 Rc7 26. Rg3 Bc8 27. Rbg1 Kh8 28. Nhf3 Qg8 29. Nh4 g6 30. hxg6 fxg6 31. Nxe6 Nf8 32. Nxg6+ Nxg6 33. Qh5+ Qh7 34. Qxh7+ Kxh7 35. Nxc7 Bxh3 36. Rxh3+ 1-0